| 000 | 01099nam a2200301Ia 4500 | ||
|---|---|---|---|
| 005 | 20220317001337.0 | ||
| 007 | ta | ||
| 008 | 210809r20052016ck o jr 000 0 spa d | ||
| 020 | _a9789583016776 | ||
| 040 |
_aCO-BoRNBP _bspa _erda _cCO-BoRNBP |
||
| 082 | 0 | 4 |
_a927.9143 _bH37c _222 |
| 100 | 1 |
_aChaparro Valderrama, Hugo _d1961- _eautor |
|
| 245 | 1 | 0 |
_aAlfred Hitchcock _bel miedo hecho cine _cHugo Chaparro Valderrama |
| 250 |
_aPrimera edición _bPrimera reimpresión |
||
| 264 | 1 |
_aBogotá _bPanamericana Editorial _c2005 _c2013 _c2016 |
|
| 300 |
_a106 páginas _bfotografías en blanco y negro _b22 cm |
||
| 336 |
_atexto _btxt _2rdacontent |
||
| 337 |
_asin mediación _bn _2rdamedia |
||
| 338 |
_avolumen _bnc _2rdacarrier |
||
| 490 | _a100 personajes, 100 autores | ||
| 500 | _aIncluye filmografía al final de texto | ||
| 504 | _aIncluye bibliografía al final de texto | ||
| 521 | _aRecomendado para un público mayor de 12 años | ||
| 600 | 1 | 4 |
_aHitchcock, Alfred _d1899-1980 _970986 |
| 650 | 1 | 7 |
_aDirectores de cine _vBiografías _2LEMB |
| 650 | 1 | 7 |
_aCine de terror _2LEMB |
| 942 |
_2ddc _cBK |
||
| 999 |
_c6675 _d6675 |
||